| 000 | 00657nam a2200229Ia 4500 | ||
|---|---|---|---|
| 003 | OSt | ||
| 005 | 20221005040010.0 | ||
| 006 | a|||||r|||| 00| 0 | ||
| 007 | ta | ||
| 008 | 221004b |||||||| |||| 00| 0 urd d | ||
| 024 | _a8601 | ||
| 037 | _cTextual | ||
| 040 |
_aCRL _cCRL _burd |
||
| 041 |
_2urd _aurd |
||
| 082 | _aQ7wD676, 168E9 | ||
| 100 |
_aBilgrami Haider Fooq Au. _9588827 |
||
| 245 | 0 |
_aMa'sirul al baqarya _bsawaneh umari imam hazrat Mohammad Baqar |
|
| 260 |
_aDelhi _bMaqbool press India _c1919 |
||
| 650 | _aISLAM | ||
| 942 |
_hQ7wD676, 168E9 _cTEXL _2cc |
||
| 999 |
_c946182 _d946182 |
||